| 000 | 00591nam a2200193 a 4500 | ||
|---|---|---|---|
| 001 | 2488 | ||
| 003 | CDMR | ||
| 005 | 20131125101107.0 | ||
| 008 | 130130s1963||||||||||||||||||||||||||||d | ||
| 040 |
_aCDMR _bcat _cCDMR |
||
| 100 | 1 |
_aBiolley, Gérard _91864 |
|
| 245 | 1 | 3 |
_aLe droit de réponse en metière de presse _cpar Gérard Biolley |
| 260 |
_aParis _c1963 _bLibrairie Générale de Droit et Jurisprudence |
||
| 300 | _a182 p. | ||
| 490 | 0 |
_aBibliothèque de Droit Privé _v50 |
|
| 650 | 0 | 4 |
_93208 _aPeriodisme _xDret i legislació |
| 650 | 0 | 4 |
_94370 _aDret de rectificació |
| 942 |
_cMON _2udc |
||
| 999 |
_c2488 _d2488 |
||